It looks like you're offline.
Open Library logo
additional options menu

MARC Record from Harvard University

Record ID harvard_bibliographic_metadata/20220215_039.bib.mrc:130643925:2255
Source Harvard University
Download Link /show-records/harvard_bibliographic_metadata/20220215_039.bib.mrc:130643925:2255?format=raw

LEADER: 02255cam a2200385 a 4500
005 20180708160459.0
008 040907s2005 nyu 000 0 eng
001 990096092050203941
010 $a^^2004058866
020 $a0765305933 (alk. paper)$0(uri) http://www.isbnsearch.org/isbn/0765305933
035 $a(OCoLC)56527106$0(uri) http://www.worldcat.org/oclc/56527106
040 $aDLC$cDLC$dYDX
041 1 $aeng$hger
042 $apcc
050 00 $aPT2665.S34$bH313 2005
082 00 $a833/.914$222
100 1 $aEschbach, Andreas,$d1959-$0(uri) http://id.loc.gov/authorities/names/nr95028505$0(uri) http://viaf.org/viaf/sourceID/LC|nr95028505
240 10 $aHaarteppichknüpfer.$lEnglish
245 14 $aThe carpet makers /$cAndreas Eschbach ; with a foreword by Orson Scott Card.
250 $a1st ed.
260 $aNew York :$bTOR,$c2005.
300 $a300 p. ;$c22 cm.
500 $a"A Tom Doherty Associates book."
500 $aTranslation of: Haarteppichknüpfer.
520 $aThe carpet maker, following the traditions of his fathers, will spend his entire life making one carpet from the hair of his wife and daughters, so fine and fragile that only the God Emperor may purchase it, until the Empire disappears and strangers arrive, finding something unbelievable in the patterns of the carpets.
546 $aTranslated from the German.
650 0 $aCarpets$vFiction.$0(uri) http://id.loc.gov/authorities/subjects/sh85020445
650 0 $aLife on other planets$vFiction$0(uri) http://id.loc.gov/authorities/subjects/sh2008106912
650 0 $aScience fiction, German$vTranslations into English.$0(uri) http://id.loc.gov/authorities/subjects/sh85118649
655 7 $aScience fiction.$2gsafd
700 1 $aJensen, Doryl.$0(uri) http://id.loc.gov/authorities/names/nr2005012683$0(uri) http://viaf.org/viaf/sourceID/LC|nr2005012683
700 1 $aCard, Orson Scott.$0(uri) http://id.loc.gov/authorities/names/n79022189$0(uri) http://viaf.org/viaf/sourceID/LC|n79022189
852 0 $bLAM$cFARNS$hPT2665.S34$iH313 2005$8222087876620003941
852 0 $bWID$cWIDLC$hPT2665.S34$iH313 2005$8222087876640003941
876 $8222087876640003941$q1$70$mWIDLC$yBOOK$p32044074301508$cWIDLC$0232087876630003941$h01$nPT2665.S34 H313 2005$bWID$lWID